000 00564nam a22001697a 4500
008 161005b xxu||||| |||| 00| 0 eng d
020 _a0765640765
040 _aKABU
_cKABU
050 _aKF2750
_b.M38 2014
100 _aMathewson, Joe
245 _aLaw and ethics for today's journalist
_ba concise guide
_cby Joe Mathewson
260 _aNew York
_bRoutledge
_c2013
300 _axii, 222 p.
650 _2Press law
_xUnited States
650 _2Journalists
_vHandbooks, Manuals
_xUnited States
942 _2lcc
_cBK
_hKF2750 .M38 2013 C.1
999 _c16130
_d16130